00646nam a2200193 a 450000100100000000500170001000800410002704000250006808200200009310000380011324500470015126000290019830000220022765000280024965000310027704900090030895201180031799900170043500001605720240412074244.0100224s1909 fr 000 0 spa d aDO-SdBNPbspacBNPHU aRD861.42bP438o1 aPérez Alfonseca, Ricardo92494810aOda de un yo /cRicardo Pérez Alfonseca. aParís :bAriel,c1909. a[21] p. ;c20 cm. 0aPoesía dominicana966 0aLiteratura dominicana.967 aBNPD 001050718MOaPDbPDcCTd2010-02-24iLF1l0oRD861.42 P438op16057-10r2020-06-25w2020-06-25y1ZNo se presta c15598d15598